| 000 | 00742nam a2200253Ia 4500 | ||
|---|---|---|---|
| 003 | OSt | ||
| 005 | 20220925232147.0 | ||
| 006 | a|||||r|||| 00| 0 | ||
| 007 | ta | ||
| 008 | 220923b |||||||| |||| 00| 0 eng d | ||
| 037 | _cGeneral Book | ||
| 040 |
_aRTL _cRTL _beng |
||
| 041 |
_2eng _aeng |
||
| 082 | _aY0gF, N3 | ||
| 100 |
_aConley Verena Andermatt Ed. _9296792 |
||
| 245 | 0 | _aRethinking technologies | |
| 260 |
_aMinneapolis _bUniversity of Minnesota Press _c1993 |
||
| 300 |
_axiv, 248p _ccm. |
||
| 490 | _aMiami Theory Collective | ||
| 500 | _aBibliography: P 233-39 | ||
| 650 |
_aSocilogy irt Technology _9296793 |
||
| 942 |
_hY0gF, N3 _cGB _2CC |
||
| 999 |
_c590479 _d590479 |
||